[Event "Miercurea Ciuc op"]
[Site "Miercurea Ciuc"]
[Date "1998.??.??"]
[Round "6"]
[White "Bogza, Oana"]
[Black "Toth, Cornel"]
[Result "1/2-1/2"]
[WhiteElo "2075"]
[BlackElo "2105"]
[PlyCount "32"]
[EventDate "1998.08.??"]
[EventType "swiss"]
[EventRounds "9"]
[EventCountry "ROU"]
[SourceTitle "EXT 2000"]
[Source "ChessBase"]
[SourceDate "1999.11.16"]
[SourceVersion "1"]
[SourceVersionDate "1999.11.16"]
[SourceQuality "1"]

1. d4 Nf6 2. Nf3 c5 3. d5 g6 4. c4 b5 5. cxb5 a6 6. b6 Bg7 7. Nc3 0-0 8. e4 d6 9. Bd3 Nbd7 10. h3 Nxb6 11. 0-0 Bb7 12. a4 a5 13. Qe2 Ne8 14. Bg5 h6 15. Bh4 Nc7 16. Nd2 Ba6 1/2-1/2

[Event "Miercurea Ciuc op"]
[Site "Miercurea Ciuc"]
[Date "1998.??.??"]
[Round "1"]
[White "Toth, Cornel"]
[Black "Bromberger, Stefan"]
[Result "1/2-1/2"]
[WhiteElo "2105"]
[BlackElo "2320"]
[PlyCount "98"]
[EventDate "1998.08.??"]
[EventType "swiss"]
[EventRounds "9"]
[EventCountry "ROU"]
[SourceTitle "EXT 2000"]
[Source "ChessBase"]
[SourceDate "1999.11.16"]
[SourceVersion "1"]
[SourceVersionDate "1999.11.16"]
[SourceQuality "1"]

1. e4 c5 2. Nf3 Nc6 3. d4 cxd4 4. Nxd4 Nf6 5. Nc3 e5 6. Ndb5 d6 7. Bg5 a6 8. Na3 b5 9. Nd5 Be7 10. Bxf6 Bxf6 11. c3 0-0 12. g3 Bg5 13. Bg2 Ne7 14. Nxe7+ Qxe7 15. 0-0 Rb8 16. Nc2 a5 17. Re1 Be6 18. Ne3 Rfc8 19. Nf5 Bxf5 20. exf5 b4 21. cxb4 Rxb4 22. b3 Rd4 23. Qxd4 exd4 24. Rxe7 Bxe7 25. Rd1 Bf6 26. Be4 Kf8 27. Kg2 Ke8 28. h4 Rc5 29. Kf3 Kd7 30. Bd3 d5 31. Ke2 Rc7 32. Rh1 Kd6 33. Kd2 h6 34. f4 Re7 35. Re1 Rxe1 36. Kxe1 Kc5 37. a3 Be7 38. Kd1 Kb6 39. a4 f6 40. Bb5 Bb4 41. Ke2 Kc5 42. g4 Bc3 43. Kd3 h5 44. g5 Be1 45. gxf6 gxf6 46. Be8 Bxh4 47. Bxh5 Bg3 48. Bf7 Bxf4 49. Be6 Be3 1/2-1/2